| 000 | 00691cam a2200241 4500 | ||
|---|---|---|---|
| 001 | M96832 | ||
| 008 | 090401t1998 xxu||||| |||| 00| 0 eng d | ||
| 035 | _a(Sirsi) u91499 | ||
| 041 | _aeng | ||
| 050 | _a333.0062 | ||
| 110 |
_aRoyal Institution of Chartered Surveyors _94900 |
||
| 245 | _aSurveying services leaflets. | ||
| 260 |
_aLondon _bRICS _c1998 |
||
| 300 | _a45 leaflets in folder ; 30cm. | ||
| 350 | _a0 | ||
| 520 | _aPublicity leaflets aimed at non-members. | ||
| 650 | _aABOUT RICS-RICS MEMBERS | ||
| 650 | _aPUBLICITY LEAFLETS | ||
| 650 | _aSURVEYING SERVICES | ||
| 690 | _aMANAGEMENT-BUSINESS MANAGEMENT-PROFESSIONAL PRACTICE | ||
| 942 | _n0 | ||
| 948 | _c22/02/1999 | ||
| 999 |
_c97646 _d97646 |
||